| 000 | 00391cam a2200157ua 4500 | ||
|---|---|---|---|
| 041 |
_aeng _h |
||
| 082 |
_a822 _bDOB/FI |
||
| 100 | _aDobree, Bonamy . | ||
| 245 | 0 | 0 |
_aFive Restoration tragedies / _cBonamy Dobree. _hTextual Documents |
| 260 |
_aLondon : _bOxford University Press , _c1960. |
||
| 300 | _a450 ; . | ||
| 504 | _a | ||
| 942 | _cBK | ||
| 999 |
_c662 _d662 |
||